|
|
|
|
| LEADER |
00000nam0a2200000 4500 |
| 001 |
18409 |
| 005 |
20240802151553.0 |
| 010 |
|
|
|a 5010010267
|
| 035 |
|
|
|a (RuTPU)RU\TPU\book\18559
|
| 035 |
|
|
|a BOOK00018628
|
| 090 |
|
|
|a 18409
|
| 100 |
|
|
|a 20011209d1988 km y0rusy50 ca
|
| 101 |
1 |
|
|a rus
|c eng
|
| 102 |
|
|
|a RU
|
| 105 |
|
|
|a y z 001zc
|
| 200 |
1 |
|
|a Клан Кеннеди
|e пер. с англ.
|f Д. Горовиц, П. Кольер
|g пер. Т. Кудрявцева ; авт. предисл., науч. ред. и коммент. Э. А. Иванян
|
| 210 |
|
|
|a Москва
|c Прогресс
|d 1988
|
| 215 |
|
|
|a 494 с.
|
| 320 |
|
|
|a Имен. указ.: с. 489-495.
|
| 517 |
1 |
|
|a Американская драма
|
| 602 |
|
|
|a Кеннеди
|f 19 в.-
|7 ca
|8 rus
|c американская династия ирландского происхождения, многие представители которой были известными политиками и занимали высокие должности в руководящих органах власти в США
|9 8000
|
| 606 |
1 |
|
|a США
|x Внутренняя политика
|2 stltpush
|3 (RuTPU)RU\TPU\subj\58468
|9 76257
|
| 610 |
1 |
|
|a политика
|
| 610 |
1 |
|
|a США
|
| 610 |
1 |
|
|a политические деятели
|
| 610 |
1 |
|
|a государственные деятели
|
| 610 |
1 |
|
|a демократическая партия
|
| 610 |
1 |
|
|a история
|
| 610 |
1 |
|
|a 20 век
|
| 686 |
|
|
|a Ф3(7США)8
|2 rubbk
|
| 700 |
|
1 |
|a Горовиц
|b Д.
|g Дэвид
|
| 701 |
|
1 |
|a Кольер
|b П.
|g Питер
|
| 702 |
|
1 |
|a Кудрявцева
|b Т.
|4 730
|
| 702 |
|
1 |
|a Иванян
|b Э. А.
|4 080
|
| 801 |
|
0 |
|a RU
|b 63413507
|c 20011209
|g PSBO
|
| 801 |
|
2 |
|a RU
|b 63413507
|c 20131112
|g PSBO
|
| 942 |
|
|
|c BK
|